Drums of Change (Record no. 814)

MARC details
000 -LEADER
fixed length control field 00338nam a22001457a 4500
003 - CONTROL NUMBER IDENTIFIER
control field OSt
005 - DATE AND TIME OF LATEST TRANSACTION
control field 20180914110758.0
008 - FIXED-LENGTH DATA ELEMENTS--GENERAL INFORMATION
fixed length control field 160624b xxu||||| |||| 00| 0 eng d
040 ## - CATALOGING SOURCE
Transcribing agency 1
100 ## - MAIN ENTRY--PERSONAL NAME
9 (RLIN) 1017
Personal name Oke, J
245 ## - TITLE STATEMENT
Title Drums of Change
260 ## - PUBLICATION, DISTRIBUTION, ETC. (IMPRINT)
Place of publication, distribution, etc. Minnesota
Name of publisher, distributor, etc. Bethany House
Date of publication, distribution, etc. 1996
300 ## - PHYSICAL DESCRIPTION
Extent On the Trail of a Twin
942 ## - ADDED ENTRY ELEMENTS (KOHA)
Source of classification or shelving scheme Dewey Decimal Classification
Koha item type BOOK
Holdings
Withdrawn status Lost status Source of classification or shelving scheme Damaged status Not for loan Home library Current library Shelving location Date acquired Total Checkouts Full call number Barcode Date last seen Date last checked out Price effective from Koha item type
    Dewey Decimal Classification     Good Samaritan School Library Good Samaritan School Library FICTION 06/24/2016 4 823 OKE1225 08/02/2019 07/05/2019 06/24/2016 BOOK

Powered by Koha